| 000 | 01548cam a2200397 a 4500 | ||
|---|---|---|---|
| 001 | EDZ0000062128 | ||
| 003 | StDuBDS | ||
| 005 | 20161031105210.0 | ||
| 006 | m||||||||d|||||||| | ||
| 007 | cr ||||||||||| | ||
| 008 | 120307s2007 ii fo| 001|0|eng|d | ||
| 020 |
_a9788132108481 (ebook) : _cNo price |
||
| 040 |
_aStDuBDS _beng _cStDuBDS _epn |
||
| 049 | _aAlfaisal Main Library | ||
| 050 | 0 |
_aHD30.28 _b.S266 2007 |
|
| 082 | 0 | 4 |
_a658.4012 _223 |
| 100 | 1 |
_aSanghi, Seema, _d1961- |
|
| 245 | 1 | 4 |
_aThe handbook of competency mapping _h[electronic resource] : _bunderstanding, designing and implementing competency models in organizations / _cSeema Sanghi. |
| 250 | _a2nd ed. | ||
| 260 |
_aNew Delhi ; _aLondon : _bResponse, _cc2007. |
||
| 300 | _a1 online resource (xx, 227 p.) | ||
| 504 | _aIncludes bibliographical references and index. | ||
| 520 | 8 | _aThis handbook is designed to help human resource managers and professionals understand, develop, manage and map competencies within their organizations. | |
| 521 | _aSpecialized. | ||
| 588 | _aDescription based on print version record. | ||
| 650 | 0 | _aCore competencies. | |
| 650 | 0 | _aOrganizational effectiveness. | |
| 650 | 0 | _aStrategic planning. | |
| 650 | 0 | _aManagement. | |
| 650 | 0 |
_aEmployees _xTraining of. |
|
| 655 | 7 |
_aElectronic books. _2local |
|
| 710 | 2 | _aSage eBooks | |
| 776 | 0 | 8 |
_iPrint version : _z9780761935988 |
| 856 | 4 | 0 | _uhttp://ezproxy.alfaisal.edu/login?url=http://sk.sagepub.com/reference/the-handbook-of-competency-mapping-2e |
| 942 |
_2lcc _cEBOOKS |
||
| 999 |
_c481530 _d481530 |
||